[Event "Duesseldorf-ch"]
[Site "Duesseldorf"]
[Date "2006.09.07"]
[Round "2"]
[White "Autiero, Giovanni"]
[Black "Korneli, Johannes"]
[Result "1/2-1/2"]
[WhiteElo "1730"]
[BlackElo "1422"]
[PlyCount "33"]
[EventDate "2006.08.24"]
[EventType "swiss"]
[EventRounds "7"]
[EventCountry "GER"]
[SourceTitle "EXT 2008"]
[Source "ChessBase"]
[SourceDate "2007.11.25"]
[SourceVersion "1"]
[SourceVersionDate "2007.11.25"]
[SourceQuality "1"]

1. d4 d5 2. g3 Nf6 3. Bg2 c6 4. Nf3 Nbd7 5. 0-0 g6 6. b3 Bg7 7. Bb2 0-0 8. c4 e6 9. Nc3 Nb6 10. Qd3 a5 11. a4 dxc4 12. bxc4 Nbd7 13. Rfd1 Qc7 14. e4 Rd8 15. Qe2 c5 16. d5 Nb6 17. Nb5 1/2-1/2